| 000 | 00514nam a2200169 a 4500 | ||
|---|---|---|---|
| 005 | 20230509063546.0 | ||
| 008 | 991125s1966 ea 000 0 spa u | ||
| 035 | _aUPN01000038438 | ||
| 049 | _aCG | ||
| 050 | 4 |
_aJC362 _bM4.3 |
|
| 245 | 0 | 0 | _aMetas en la cooperación internacional. |
| 260 |
_aNueva York : _bONU, Oficina de Información Pública, _c1966. |
||
| 300 |
_axi, 163 p. : _bil. |
||
| 500 | _a"Año de la Cooperación Internacional 1965" | ||
| 650 | 2 |
_aCooperación internacional _912382 |
|
| 905 | _aLibro | ||
| 999 |
_c38438 _d38438 |
||